000 00548nam a22001937a 4500
003 MPLRDC
005 20220104143316.0
008 210129b ||||| |||| 00| 0 eng d
020 _a7-5408-2051-9
082 _a310.7 TJSF-2 v.1B
100 _a天津师范大学每日一刻钟编辑组
245 _a数学奥林匹克365. 初一下
_c
250 _a一版二刷
260 _a
_b四川教育出版社
_c1994
300 _b
490 _a中学生基本功能训练丛书
650 _a中学数学总论
942 _cBK
_o310.7 TJSF-2 v.1B
999 _c38645
_d38635